Normal view
MARC view
- Mauer , Don
Entry Personal Name
001 - CONTROL NUMBER
- control field: 60399
003 - CONTROL NUMBER IDENTIFIER
- control field: NUST
005 - DATE AND TIME OF LATEST TRANSACTION
- control field: 20210628202533.0
008 - FIXED-LENGTH DATA ELEMENTS
- fixed length control field: 210628|| aca||aabn | a|a d
040 ## - CATALOGING SOURCE
- Original cataloging agency: NUST
- Transcribing agency: NUST
100 ## - HEADING--PERSONAL NAME
- Personal name: Mauer , Don
670 ## - SOURCE DATA FOUND
- Source citation: Work cat.: (NUST): Mauer , Don, Lean and lovin' it ,exceptionally delicious recipes for low fat living and permanent weight loss, 1996
